Podział administracyjny Rosji (EUROPA) - Statystyki

Ogólne statystyki
  • Ten quiz został rozwiązany 901 razy
  • Średni wynik to 22 z 58
Odpowiedzi na mapie
Odpowiedzi zakodowano w zielono-czerwonej skali na mapie do tego quizu, zgodnie z poniższymi procentami.
 
Statystyki odpowiedzi
Odpowiedź % Poprawnych
Moskwa
90%
Sankt Petersburg
85%
Krym
84%
Kaliningradzki
74%
Moskiewski
70%
Sewastopol
64%
Karelia
63%
Murmański
63%
Smoleński
63%
Archangielski
60%
Czeczenia
59%
Leningradzki
58%
Nowogrodzki
53%
Dagestan
51%
Krasnodar
51%
Pskowski
49%
Wołgogradzki
48%
Kurski
47%
Rostowski
46%
Nieniecki
45%
Osetia Północna
43%
Perm
42%
Tatarstan
41%
Komi
39%
Niżnonowogrodzki
37%
Jarosławski
36%
Adygeja
35%
Samarski
35%
Biełgorodzki
34%
Twerski
34%
Astrachański
32%
Briański
32%
Woroneski
32%
Inguszetia
28%
Orłowski
28%
Mari El
27%
Włodzimierski
27%
Kałmucja
26%
Kirowski
26%
Orenburski
26%
Stawropolski
26%
Iwanowski
25%
Saratowski
25%
Wołogodzki
25%
Lipiecki
24%
Riazański
22%
Tulski
22%
Kałuski
21%
Mordowia
21%
Republika Karaczajsko-Czerkieska
20%
Baszkortostan
18%
Republika Kabardyjsko-Bałkarska
18%
Udmurcja
18%
Uljanowski
18%
Penzeński
15%
Tambowski
15%
Kostromski
13%
Republika Czuwaska
13%
Nie znaleziono quizów pasujących do podanych kryteriów
Rozkład punktacji
Procent ludzi z każdym wynikiem
Percentyl według liczby udzielonych odpowiedzi
Twoja historia wyników
Nie rozwiązałeś tego quizu